Българите католици в Трансилвания и Банат (Запис номер 94040)
[ съкратено ]
| 000 -Лидер | |
|---|---|
| Контролно поле с фиксирана дължина | 02370nam a2200421 c 4500 |
| 003 - Код на организацията, давaща контролен номер | |
| Контролно поле | BLK |
| 005 - Дата и час на последна редакция | |
| Контролно поле | 20210217142230.0 |
| 008 - Елементи от данни с фиксирана дължина | |
| fixed length control field | 180408b bul|||||r ||||||| ||bul|| |
| 010 ## - Наследен системен номер | |
| LC control number | KNG00098858000 |
| 020 ## - Международен стандартен номер на книга ISBN | |
| Международен стандартен номер на книга ISBN | 978-954-523-114-8 |
| -- | издат.: Нац. библ. Св. св. Кирил и Методий |
| 040 ## - Източник на каталожния запис | |
| Идентификатор на билиотеката - собственик на записа | BLK |
| 041 ## - Код за език | |
| Код за езика на текст/звукозапис или на отделно заглавие | Български |
| Код за езика КДБФ | Български |
| 072 #7 - Код за тематичната категория | |
| Код организация | bullib |
| Код за тематична категория | Н92 |
| Текст | История Н |
| 080 ## - УДК | |
| Текстов определител УДК | Период на кризата на феодализма, зараждане на капиталистически отношения. Възраждане на българския народ (II пол. на ХVIII в. - 1878 г.) |
| УДК код - определител по УДК | 94(497.2)"1750/1878" |
| УДК определител | |
| УДК - код + определител | 94(497.2)"1750/1878" |
| 080 ## - УДК | |
| Текстов определител УДК | Национални малцинства. Оптанти |
| УДК код - определител по УДК | 323.15 |
| УДК определител | (439=867+498=867)(091) |
| УДК - код + определител | 323.15(439=867+498=867)(091) |
| 080 ## - УДК | |
| Текстов определител УДК | Римокатолическа църква |
| УДК код - определител по УДК | 282 |
| УДК определител | (439=867+498=867)(091) |
| УДК - код + определител | 282(439=867+498=867)(091) |
| 100 1# - Редна дума - Автор | |
| Автор | Георгиев, Любомир Климентов |
| Авторска отговорност | първи автор |
| R(LIN) | 305744 |
| 139 ## - Редно поле | |
| Редна дума | Георгиев, Любомир Климентов |
| Авторски знак | Георгиев - Г 37 |
| 245 10 - Сведения за заглавието | |
| Заглавие | Българите католици в Трансилвания и Банат |
| Подзаглавни данни | ХVІІІ - първата половина на ХІХ в. |
| Редно поле (дума) | Любомир Климентов Георгиев; науч. ред. Васил Тодоров Гюзелев. |
| 257 ## - Страна на издаване | |
| Страна на създаване/издаване | България |
| 260 ## - Област на издателските данни | |
| -- | София |
| Име на издателя, разпространителя и проч. | Нац. библ. Св. св. Кирил и Методий |
| Година на издаване | 2010 |
| 300 ## - Физическа характеристика | |
| Страници | 240 с. |
| Илюстрации и др. | с ил., факс., к. |
| Размери/Мащаб | 24 см |
| 380 ## - Жанр | |
| Жанр | История |
| 500 ## - Общи забележки | |
| Забележка | Библиогр. с. 193-203 ; Рез. на англ. ез. ; Именен показалец, геогр. показалец. |
| 650 #4 - Допълнително описание по предмет – тема | |
| Основно описание – тема или топоним | Малцинства, български - Трансилвания - история |
| 9 (RLIN) | 305745 |
| 650 #4 - Допълнително описание по предмет – тема | |
| Основно описание – тема или топоним | Банатски българи - история и култура |
| 9 (RLIN) | 148077 |
| 650 #4 - Допълнително описание по предмет – тема | |
| Основно описание – тема или топоним | Павликянство |
| 9 (RLIN) | 165455 |
| 650 #4 - Допълнително описание по предмет – тема | |
| Основно описание – тема или топоним | Католическа църква - България - история |
| 9 (RLIN) | 242256 |
| 653 ## - Ключова дума – ненормативна | |
| Ключова дума | католицизъм |
| 653 ## - Ключова дума – ненормативна | |
| Ключова дума | българи в чужбина |
| 659 ## - Тематичен бюлетин | |
| Тематичен бюлетин | К |
| 700 1# - Други автори (авторска отговорност) | |
| Лично име | Гюзелев, Васил Тодоров |
| Автороска отговорност (Описва отношението между автора и произведението) | науч. ред. |
| 9 (RLIN) | 364355 |
| 852 ## - Местоположение | |
| Форматна сигнатура | Цб 250439 |
| 856 4# - Електронен адрес и достъп | |
| Електронен формат | pdf - файл |
| Път до файла /url/ | |
| 856 4# - Електронен адрес и достъп | |
| Електронен формат | pdf - файл |
| Път до файла /url/ | |
| 942 ## - АРТИКУЛИ | |
| Вид на библиотечния материал | Книги |
| Скрит в OPAC | Не |
| Koha issues (borrowed), all copies | 2 |
| 944 ## - СЪЗДАВАНЕ И РЕДАКЦИЯ на ЗАПИСА | |
| Създаване/Редакция | Създаване |
| Дата на регистрацията/редакция | 10.01.2011 |
| Служител, извършил регистрацията/редакцията | Геновева_Генчева |
| 944 ## - СЪЗДАВАНЕ И РЕДАКЦИЯ на ЗАПИСА | |
| Създаване/Редакция | Редакция |
| Дата на регистрацията/редакция | 19.03.2011 |
| Служител, извършил регистрацията/редакцията | |
| 999 ## - СИСТЕМНИ КОНТРОЛНИ НОМЕРА | |
| Koha biblionumber | 94040 |
| Koha biblioitemnumber | 94040 |
| Код за отписване | Код за изгубен артикул | Код за повреда | Коз за рестрикции | Код за отдаване | Артикулен № | Име на библиотеката - собственик | Име на библиотеката, в която се намира в момента | Статус (Текущо местоположение) | Дата на вписване в системата | Местоположение - отдел | Цена в лева | Инвентарен номер | Систематично азбучна сигнатура | Баркод | Номер на екземпляра | Цена в евро | Служебна бележка | Служебен тип на артикула |
|---|---|---|---|---|---|---|---|---|---|---|---|---|---|---|---|---|---|---|
| Не е изгубен | Не е повреден | без рестрикции | ползва се в читалня | 151099 | Регионална библиотека "Любен Каравелов" Русе | Регионална библиотека "Любен Каравелов" Русе | Хранилище | 2011-01-11 | Хранилище | 12.00 | 120000748454 | Цб 250439 | 120000748454 | 1 | 6.14 | Дост: Dp Вид: Д N: 17 Дата: 21.04.2010 | Книги |